| 000 | 00000nam##2200000za#4500 |
| 001 | 9.602139 |
| 003 | CaOODSP |
| 005 | 20210624210423 |
| 007 | cr ||||||||||| |
| 008 | 150406|2002||||xxc|||||o f|0| 0 fre|d |
| 040 | |aCaOODSP|bfre |
| 043 | |an-cn--- |
| 086 | 1 |aNH18-23/102F-PDF |
| 110 | 2 |aSociété canadienne d'hypothèques et de logement. |
| 245 | 10|aInitiatives visant à conserver le parc de maisons de chambres et à en stabiliser l'occupation |h[ressource électronique] |
| 260 | |aOttawa - Ontario : |bSociété canadienne d'hypothèques et de logement |cAvril 2002. |
| 300 | |a6p. |
| 490 | 1 |aLe point en recherche. Série socio-économique |v102 |
| 590 | |a11-22-Supp|b2011-10-13 |
| 691 | 07|aLogement|2gcpds |
| 691 | 07|aLocation|2gcpds |
| 775 | 08|tInitiatives to maintain rooming house/single room occupancy stock and stabilize tenancies |w(CaOODSP)9.571714 |
| 776 | 0#|tInitiatives visant à conserver le parc de maison de chambres et à en stabiliser l'occupation |w(CaOODSP)9.625962 |
| 830 | #0|aLe point en recherche. Série socio-économique ;|v102|w(CaOODSP)9.501568 |
| 856 | 40|ahttp://publications.gc.ca|qPDF|s123 Ko|uhttps://publications.gc.ca/collections/Collection/NH18-23-102F.pdf|y102 |